Facility management in development process

Vplyv developerskeho procesu na celkový rozvoj trhu nehnuteľností. Riadenie developerskeho procesu. Vymedzenie facility manažmentu.

Na minha lista:
Detalhes bibliográficos
Autor principal: Chodasová, Zuzana
Formato: Capítulo de Livro
Idioma:inglês
Assuntos:
Tags: Adicionar Tag
Sem tags, seja o primeiro a adicionar uma tag!

MARC

LEADER 00000naa$a2200000$$$4500
001 0049986
005 20230908105210.2
041 0 |a eng 
044 |a SK 
245 1 0 |a Facility management in development process  |c Zuzana Chodasová 
520 |a Vplyv developerskeho procesu na celkový rozvoj trhu nehnuteľností. Riadenie developerskeho procesu. Vymedzenie facility manažmentu. 
610 2 0 |a facility management 
610 2 0 |a nehnuteľnosti 
610 2 0 |a trh finančný 
610 2 0 |a kontroling 
610 2 0 |a riadenie 
100 1 |a Chodasová, Zuzana